000 01876nam0a2200349 4500
001 RU\NLR\bibl\1301404
005 20260408202552.0
021 _aRU
_b2008-77786
_94509
035 _a(NLR Aleph) 001286989
090 _a535092
_c535092
100 _a20081202d2008 u y0rusy50 ca
101 0 _arus
102 _aRU
105 _aa |||||||||
200 1 _aГрозозащита. Защита от импульсных перенапряжений. Огни светового ограждения
_fСITEL.
210 _a[Б.м.
_cб.и.
_d2008]
215 _a110 с.
_cил., цв. ил.
_d29
313 _aфирма CITEL специализируется исключительно по разработке и изготовлению средств защиты от импульсных перенапряжений,световое ограждение - предупредительные лампы для освещения и обозначения препятствий
517 0 _aЗащита от импульсных перенапряжений
517 0 _aОгни светового ограждения
606 1 _aМолниезащита
_jКаталоги
_xАппараты и приборы
_92545654
_3RU\NLR\auth\661506734
606 1 _aСветосигнальные аппараты
_jКаталоги
_91576375
_3RU\NLR\auth\66990634
606 _aПеренапряжения (электр.) импульсные
_xЗащита от них
_xАппараты и приборы
_jКаталоги
_3RU\NLR\auth\661506651
_92545498
686 _aЗ247.1-5я87
686 _aЗ885.3-55я87
686 _aЗ247-5я87
710 0 2 _8rus
_aCITEL, фирма
_cИсси-ле-Мулино
_7ba
_7ca
_3RU\NLR\AUTH\8810127386
_9752032
801 0 _aRU
_bNLR
_c20081202
_gRCR
801 1 _aRU
_bNLR
_c20081202
942 _cBOOK
980 _aNB